[Event "398 Stay Safe Play From Home series"]
[Site "Emanuel Lasker Arena"]
[Date "2020.08.20"]
[Round "6"]
[White "Yuriko"]
[Black "Lamborghini"]
[Result "1-0"]
[WhiteElo "1952"]
[BlackElo "2283"]
[PlyCount "107"]
[EventDate "2020.08.20"]
[EventType "swiss (blitz)"]

1. d4 {[%emt 0:00:01]} Nf6 {[%emt 0:00:01]} 2. c4 {[%emt 0:00:00]} g6 {[%emt 0:00:00]} 3. Nc3 {[%emt 0:00:00]} Bg7 {[%emt 0:00:00]} 4. d5 {[%emt 0:00:00]} O-O {[%emt 0:00:00]} 5. e4 {[%emt 0:00:00]} c5 {[%emt 0:00:01]} 6. Nf3 {[%emt 0:00:00]} d6 {[%emt 0:00:00]} 7. Bd3 {[%emt 0:00:00]} e5 {[%emt 0:00:01]} 8. O-O {[%emt 0:00:00]} h6 {[%emt 0:00:01]} 9. Re1 {[%emt 0:00:00]} Kh8 {[%emt 0:00:02]} 10. h3 {[%emt 0:00:00]} Ng8 {[%emt 0:00:01]} 11. Rb1 {[%emt 0:00:00]} Nd7 {[%emt 0:00:01]} 12. b4 {[%emt 0:00:00]} cxb4 {[%emt 0:00:01]} 13. Rxb4 {[%emt 0:00:01]} Nc5 {[%emt 0:00:00]} 14. Bf1 {[%emt 0:00:01]} Nf6 {[%emt 0:00:02]} 15. Nd2 {[%emt 0:00:01]} Nfd7 {[%emt 0:00:01]} 16. Nb5 {[%emt 0:00:01]} Qe7 {[%emt 0:00:03]} 17. a4 {[%emt 0:00:01]} f5 {[%emt 0:00:02]} 18. Nc7 {[%emt 0:00:01]} Rb8 {[%emt 0:00:02]} 19. Rb1 {[%emt 0:00:02]} Nf6 {[%emt 0:00:02]} 20. Nb5 {[%emt 0:00:01]} a6 {[%emt 0:00:02]} 21. Nc3 {[%emt 0:00:01]} f4 {[%emt 0:00:01]} 22. Ba3 {[%emt 0:00:04]} Nfd7 {[%emt 0:00:02]} 23. Na2 {[%emt 0:00:02]} g5 {[%emt 0:00:01]} 24. Bxc5 {[%emt 0:00:01]} Nxc5 {[%emt 0:00:01]} 25. f3 {[%emt 0:00:01]} Bd7 {[%emt 0:00:01]} 26. Nb4 {[%emt 0:00:01]} Bxa4 {[%emt 0:00:01]} 27. Qc1 {[%emt 0:00:01]} Bd7 {[%emt 0:00:00]} 28. Qc3 {[%emt 0:00:01]} h5 {[%emt 0:00:02]} 29. Nd3 {[%emt 0:00:00]} Nxd3 {[%emt 0:00:04]} 30. Qxd3 {[%emt 0:00:00]} Rfc8 {[%emt 0:00:01]} 31. Nb3 {[%emt 0:00:01]} b6 {[%emt 0:00:02]} 32. Rec1 {[%emt 0:00:01]} a5 {[%emt 0:00:01]} 33. Nd2 {[%emt 0:00:03]} Bf8 {[%emt 0:00:01]} 34. Kh1 {[%emt 0:00:02]} Qg7 {[%emt 0:00:01]} 35. Qe2 {[%emt 0:00:02]} Be7 {[%emt 0:00:01]} 36. Rb2 {[%emt 0:00:05]} g4 {[%emt 0:00:00]} 37. Rcb1 {[%emt 0:00:01]} Bd8 {[%emt 0:00:01]} 38. Nb3 {[%emt 0:00:03]} a4 {[%emt 0:00:02]} 39. Na5 {[%emt 0:00:01]} a3 {[%emt 0:00:02]} 40. Rb3 {[%emt 0:00:02]} gxf3 {[%emt 0:00:02]} 41. gxf3 {[%emt 0:00:03]} a2 {[%emt 0:00:01]} 42. Qxa2 {[%emt 0:00:01]} Ra8 {[%emt 0:00:04]} 43. Rxb6 {[%emt 0:00:05]} Bxb6 {[%emt 0:00:01]} 44. Rxb6 {[%emt 0:00:00]} Qe7 {[%emt 0:00:01]} 45. Qa3 {[%emt 0:00:03]} Be8 {[%emt 0:00:00]} 46. Qb4 {[%emt 0:00:00]} Rab8 {[%emt 0:00:02]} 47. Rxb8 {[%emt 0:00:01]} Rxb8 {[%emt 0:00:00]} 48. Qxb8 {[%emt 0:00:01]} Kg7 {[%emt 0:00:00]} 49. Qb6 {[%emt 0:00:01]} Kf6 {[%emt 0:00:01]} 50. Qb7 {[%emt 0:00:00]} Qd7 {[%emt 0:00:01]} 51. Qxd7 {[%emt 0:00:01]} Bxd7 {[%emt 0:00:00]} 52. Nb7 {[%emt 0:00:00]} Ke7 {[%emt 0:00:02]} 53. Na5 {[%emt 0:00:00]} Ba4 {[%emt 0:00:02]} 54. Nb3 {[%emt 0:00:00] ' ' ' (Lag: Av=0.44s, max=1.0s) (Lag: Av=0.44s, max=1.0s) (Lag: Av=0.44s, max=1.0s)} 1-0

[Event "398 Stay Safe Play From Home series"]
[Site "Emanuel Lasker Arena"]
[Date "2020.08.20"]
[Round "6"]
[White "Trapper"]
[Black "Buzaglo"]
[Result "0-1"]
[WhiteElo "1645"]
[BlackElo "1879"]
[Annotator "NA"]
[PlyCount "66"]
[EventDate "2020.08.20"]
[EventType "swiss (blitz)"]

1. d4 {[%emt 0:00:01]} e6 {[%emt 0:00:00]} 2. Nc3 {[%emt 0:00:02]} d5 {[%emt 0:00:00]} 3. Nf3 {[%emt 0:00:00]} Nf6 {[%emt 0:00:00]} 4. Bf4 {[%emt 0:00:01]} Be7 {[%emt 0:00:00]} 5. e3 {[%emt 0:00:00]} c5 {[%emt 0:00:00]} 6. Nb5 {[%emt 0:00:01]} cxd4 {[%emt 0:00:00]} 7. Nc7+ {[%emt 0:00:02]} Kf8 {[%emt 0:00:00]} 8. Nxa8 {[%emt 0:00:01]} Bd6 {[%emt 0:00:01]} 9. Bxd6+ {[%emt 0:00:01]} Qxd6 {[%emt 0:00:00]} 10. Nxd4 {[%emt 0:00:03]} b6 {[%emt 0:00:01]} 11. Nb5 {[%emt 0:00:04]} Qc5 {[%emt 0:00:01]} 12. Nbc7 {[%emt 0:00:02]} Bb7 {[%emt 0:00:01]} 13. a3 {[%emt 0:00:04]} g6 {[%emt 0:00:04]} 14. b4 {[%emt 0:00:01]} Qd6 {[%emt 0:00:04]} 15. Bd3 {[%emt 0:00:02]} Kg7 {[%emt 0:00:01]} 16. Qf3 {[%emt 0:00:01]} Rc8 {[%emt 0:00:02]} 17. Nb5 {[%emt 0:00:09]} Qe5 {[%emt 0:00:03]} 18. Qg3 {[%emt 0:00:02]} Qxa1+ {[%emt 0:00:02]} 19. Ke2 {[%emt 0:00:01]} Qxh1 {[%emt 0:00:01]} 20. Nac7 {[%emt 0:00:04]} d4 {[%emt 0:00:06]} 21. Nxe6+ {[%emt 0:00:05]} fxe6 {[%emt 0:00:05]} 22. Nd6 {[%emt 0:00:01]} Qxg2 {[%emt 0:00:02]} 23. Qxg2 {[%emt 0:00:01]} Bxg2 {[%emt 0:00:02]} 24. Ne4 {[%emt 0:00:01]} Nxe4 {[%emt 0:00:03]} 25. Bxe4 {[%emt 0:00:00]} Bxe4 {[%emt 0:00:00]} 26. c3 {[%emt 0:00:01]} dxc3 {[%emt 0:00:01]} 27. f3 {[%emt 0:00:01]} c2 {[%emt 0:00:00]} 28. fxe4 {[%emt 0:00:01]} c1=Q {[%emt 0:00:01]} 29. Kf3 {[%emt 0:00:01]} Qf1+ {[%emt 0:00:03]} 30. Kg4 {[%emt 0:00:01]} h5+ {[%emt 0:00:01]} 31. Kg3 {[%emt 0:00:01]} Rc3 {[%emt 0:00:02]} 32. Kh4 {[%emt 0:00:01]} Qf2+ {[%emt 0:00:02]} 33. Kg5 {[%emt 0:00:01]} Qxe3+ {[%emt 0:00:01] Zeit Zeit Zeit (Lag: Av=0.79s, max=1.2s) (Lag: Av=0.79s, max=1.2s) (Lag: Av=0.79s, max=1.2s)} 0-1

[Event "398 Stay Safe Play From Home series"]
[Site "Emanuel Lasker Arena"]
[Date "2020.08.20"]
[Round "7"]
[White "IceQueen"]
[Black "Hickey"]
[Result "1-0"]
[WhiteElo "2460"]
[BlackElo "2232"]
[PlyCount "59"]
[EventDate "2020.08.20"]
[EventType "swiss (blitz)"]

1. e4 {[%emt 0:00:01]} c6 {[%emt 0:00:01]} 2. Nc3 {[%emt 0:00:01]} d5 {[%emt 0:00:00]} 3. d4 {[%emt 0:00:00]} dxe4 {[%emt 0:00:01]} 4. Nxe4 {[%emt 0:00:00]} Bf5 {[%emt 0:00:00]} 5. Ng3 {[%emt 0:00:01]} Bg6 {[%emt 0:00:00]} 6. h4 {[%emt 0:00:00]} h6 {[%emt 0:00:00]} 7. f4 {[%emt 0:00:00]} e6 {[%emt 0:00:01]} 8. Nf3 {[%emt 0:00:00]} Bd6 {[%emt 0:00:01]} 9. h5 {[%emt 0:00:01]} Bh7 {[%emt 0:00:01]} 10. Bd3 {[%emt 0:00:00]} Bxd3 {[%emt 0:00:02]} 11. Qxd3 {[%emt 0:00:00]} Ne7 {[%emt 0:00:00]} 12. Bd2 {[%emt 0:00:00]} Nd7 {[%emt 0:00:00]} 13. O-O-O {[%emt 0:00:02]} Nf6 {[%emt 0:00:00]} 14. Ne5 {[%emt 0:00:01]} Qc7 {[%emt 0:00:02]} 15. Ne2 {[%emt 0:00:01]} Rd8 {[%emt 0:00:04]} 16. Bc3 {[%emt 0:00:03]} a6 {[%emt 0:00:05]} 17. Qf3 {[%emt 0:00:01]} O-O {[%emt 0:00:02]} 18. g4 {[%emt 0:00:01]} Nfd5 {[%emt 0:00:01]} 19. Bd2 {[%emt 0:00:00]} c5 {[%emt 0:00:01]} 20. g5 {[%emt 0:00:01]} Nf5 {[%emt 0:00:03]} 21. Ng3 {[%emt 0:00:03]} cxd4 {[%emt 0:00:03]} 22. Nxf5 {[%emt 0:00:01]} exf5 {[%emt 0:00:00]} 23. gxh6 {[%emt 0:00:01]} gxh6 {[%emt 0:00:02]} 24. Qxd5 {[%emt 0:00:02]} Bxe5 {[%emt 0:00:02]} 25. Qxe5 {[%emt 0:00:00]} Qxe5 {[%emt 0:00:01]} 26. fxe5 {[%emt 0:00:00]} Rfe8 {[%emt 0:00:03]} 27. Rde1 {[%emt 0:00:02]} Rd7 {[%emt 0:00:03]} 28. Bxh6 {[%emt 0:00:01]} Re6 {[%emt 0:00:02]} 29. Bf4 {[%emt 0:00:01]} Rd5 {[%emt 0:00:01]} 30. Kd2 {[%emt 0:00:01] Hickey resigns Hickey resigns Hickey resigns (Lag: Av=0.59s, max=1.1s) (Lag: Av=0.59s, max=1.1s) (Lag: Av=0.59s, max=1.1s)} 1-0

[Event "398 Stay Safe Play From Home series"]
[Site "Emanuel Lasker Arena"]
[Date "2020.08.20"]
[Round "7"]
[White "Mepe_Nika"]
[Black "AlexK"]
[Result "1-0"]
[WhiteElo "2323"]
[BlackElo "2092"]
[PlyCount "97"]
[EventDate "2020.08.20"]
[EventType "swiss (blitz)"]

1. d4 {[%emt 0:00:01]} Nf6 {[%emt 0:00:10]} 2. Bf4 {[%emt 0:00:01]} d5 {[%emt 0:00:00]} 3. e3 {[%emt 0:00:01]} g6 {[%emt 0:00:00]} 4. c4 {[%emt 0:00:01]} Bg7 {[%emt 0:00:00]} 5. Nc3 {[%emt 0:00:00]} O-O {[%emt 0:00:01]} 6. Nf3 {[%emt 0:00:00]} c5 {[%emt 0:00:01]} 7. dxc5 {[%emt 0:00:02]} Qa5 {[%emt 0:00:01]} 8. Be2 {[%emt 0:00:02]} dxc4 {[%emt 0:00:01]} 9. O-O {[%emt 0:00:01]} Qxc5 {[%emt 0:00:01]} 10. Rc1 {[%emt 0:00:01]} Nc6 {[%emt 0:00:01]} 11. Na4 {[%emt 0:00:02]} Qa5 {[%emt 0:00:05]} 12. Rxc4 {[%emt 0:00:11]} Be6 {[%emt 0:00:03]} 13. Rc5 {[%emt 0:00:02]} Qb4 {[%emt 0:00:03]} 14. Nd4 {[%emt 0:00:05]} Nxd4 {[%emt 0:00:03]} 15. Qxd4 {[%emt 0:00:00]} Qxd4 {[%emt 0:00:01]} 16. exd4 {[%emt 0:00:00]} Rfd8 {[%emt 0:00:00]} 17. Bf3 {[%emt 0:00:01]} Bd5 {[%emt 0:00:05]} 18. Bxd5 {[%emt 0:00:02]} Nxd5 {[%emt 0:00:01]} 19. Be3 {[%emt 0:00:01]} Rac8 {[%emt 0:00:02]} 20. Rfc1 {[%emt 0:00:01]} Rxc5 {[%emt 0:00:01]} 21. Nxc5 {[%emt 0:00:01]} Rc8 {[%emt 0:00:02]} 22. Nd3 {[%emt 0:00:01]} Rxc1+ {[%emt 0:00:01]} 23. Nxc1 {[%emt 0:00:00]} e5 {[%emt 0:00:02]} 24. dxe5 {[%emt 0:00:02]} Bxe5 {[%emt 0:00:01]} 25. Nd3 {[%emt 0:00:01]} Bb8 {[%emt 0:00:01]} 26. Bd4 {[%emt 0:00:01]} b6 {[%emt 0:00:00]} 27. Kf1 {[%emt 0:00:01]} Kf8 {[%emt 0:00:01]} 28. h3 {[%emt 0:00:01]} Ke7 {[%emt 0:00:00]} 29. Be5 {[%emt 0:00:01]} Bxe5 {[%emt 0:00:01]} 30. Nxe5 {[%emt 0:00:00]} Ke6 {[%emt 0:00:01]} 31. Nc6 {[%emt 0:00:01]} a5 {[%emt 0:00:01]} 32. Nd4+ {[%emt 0:00:01]} Ke5 {[%emt 0:00:01]} 33. Nb5 {[%emt 0:00:00]} Nf4 {[%emt 0:00:01]} 34. h4 {[%emt 0:00:02]} Kd5 {[%emt 0:00:01]} 35. g3 {[%emt 0:00:01]} Ne6 {[%emt 0:00:00]} 36. Ke2 {[%emt 0:00:01]} Kc4 {[%emt 0:00:01]} 37. Nd6+ {[%emt 0:00:01]} Kd5 {[%emt 0:00:01]} 38. Nxf7 {[%emt 0:00:00]} h5 {[%emt 0:00:01]} 39. Kd3 {[%emt 0:00:01]} Nd4 {[%emt 0:00:00]} 40. b3 {[%emt 0:00:01]} Ne6 {[%emt 0:00:01]} 41. Ng5 {[%emt 0:00:01]} Nc5+ {[%emt 0:00:00]} 42. Ke3 {[%emt 0:00:01]} Na6 {[%emt 0:00:00]} 43. Nh3 {[%emt 0:00:00]} Nb4 {[%emt 0:00:01]} 44. Nf4+ {[%emt 0:00:00]} Kd6 {[%emt 0:00:01]} 45. a3 {[%emt 0:00:00]} Nc2+ {[%emt 0:00:01]} 46. Ke4 {[%emt 0:00:00]} Nxa3 {[%emt 0:00:00]} 47. Nxg6 {[%emt 0:00:00]} Nc2 {[%emt 0:00:00]} 48. Nf4 {[%emt 0:00:01]} Na1 {[%emt 0:00:01]} 49. Nxh5 {[%emt 0:00:00] TimeB TimeB TimeB} 1-0

[Event "398 Stay Safe Play From Home series"]
[Site "Emanuel Lasker Arena"]
[Date "2020.08.20"]
[Round "7"]
[White "Jhhonnyy"]
[Black "Rogan"]
[Result "0-1"]
[WhiteElo "2288"]
[BlackElo "2190"]
[PlyCount "130"]
[EventDate "2020.08.20"]
[EventType "swiss (blitz)"]

1. d4 {[%emt 0:00:01]} d5 {[%emt 0:00:00]} 2. c4 {[%emt 0:00:00]} c6 {[%emt 0:00:00]} 3. Nf3 {[%emt 0:00:00]} Nf6 {[%emt 0:00:00]} 4. Nbd2 {[%emt 0:00:00]} Bg4 {[%emt 0:00:01]} 5. Ne5 {[%emt 0:00:01]} Bh5 {[%emt 0:00:00]} 6. Qb3 {[%emt 0:00:01]} Qb6 {[%emt 0:00:01]} 7. Qh3 {[%emt 0:00:01]} e6 {[%emt 0:00:05]} 8. g4 {[%emt 0:00:01]} Bg6 {[%emt 0:00:01]} 9. g5 {[%emt 0:00:02]} Qxd4 {[%emt 0:00:01]} 10. Nxg6 {[%emt 0:00:02]} fxg6 {[%emt 0:00:03]} 11. gxf6 {[%emt 0:00:01]} Qxf6 {[%emt 0:00:01]} 12. e4 {[%emt 0:00:02]} Bc5 {[%emt 0:00:01]} 13. Qf3 {[%emt 0:00:02]} Qd4 {[%emt 0:00:01]} 14. exd5 {[%emt 0:00:01]} Rf8 {[%emt 0:00:01]} 15. Qe4 {[%emt 0:00:04]} Qxf2+ {[%emt 0:00:02]} 16. Kd1 {[%emt 0:00:00]} cxd5 {[%emt 0:00:08]} 17. Qxe6+ {[%emt 0:00:02]} Kd8 {[%emt 0:00:01]} 18. Bh3 {[%emt 0:00:01]} Kc7 {[%emt 0:00:06]} 19. Rf1 {[%emt 0:00:04]} Qxh2 {[%emt 0:00:06]} 20. Rxf8 {[%emt 0:00:01]} Bxf8 {[%emt 0:00:03]} 21. Qf7+ {[%emt 0:00:00]} Kb6 {[%emt 0:00:03]} 22. Qxf8 {[%emt 0:00:01]} Qxh3 {[%emt 0:00:01]} 23. Qb4+ {[%emt 0:00:01]} Kc7 {[%emt 0:00:01]} 24. cxd5 {[%emt 0:00:00]} Qh1+ {[%emt 0:00:04]} 25. Kc2 {[%emt 0:00:01]} Nd7 {[%emt 0:00:00]} 26. Qc4+ {[%emt 0:00:02]} Kd8 {[%emt 0:00:01]} 27. Qe4 {[%emt 0:00:03]} Rc8+ {[%emt 0:00:00]} 28. Kd3 {[%emt 0:00:03]} Nc5+ {[%emt 0:00:01]} 29. Kd4 {[%emt 0:00:01]} Nxe4 {[%emt 0:00:00]} 30. Nxe4 {[%emt 0:00:00]} Rxc1 {[%emt 0:00:00]} 31. Rxc1 {[%emt 0:00:01]} Qxc1 {[%emt 0:00:00]} 32. Nc5 {[%emt 0:00:00]} Qxb2+ {[%emt 0:00:00]} 33. Kc4 {[%emt 0:00:01]} Qxa2+ {[%emt 0:00:00]} 34. Kd4 {[%emt 0:00:01]} Qf2+ {[%emt 0:00:01]} 35. Kc4 {[%emt 0:00:01]} Qxc5+ {[%emt 0:00:00]} 36. Kxc5 {[%emt 0:00:00]} h5 {[%emt 0:00:00]} 37. d6 {[%emt 0:00:00]} h4 {[%emt 0:00:00]} 38. Kd5 {[%emt 0:00:00]} h3 {[%emt 0:00:00]} 39. Ke6 {[%emt 0:00:01]} h2 {[%emt 0:00:00]} 40. Kf7 {[%emt 0:00:00]} h1=Q {[%emt 0:00:00]} 41. Kxg7 {[%emt 0:00:00]} Qd5 {[%emt 0:00:00]} 42. Kxg6 {[%emt 0:00:00]} Qxd6+ {[%emt 0:00:00]} 43. Kf5 {[%emt 0:00:01]} Qd7+ {[%emt 0:00:00]} 44. Ke4 {[%emt 0:00:00]} b6 {[%emt 0:00:00]} 45. Ke5 {[%emt 0:00:00]} b5 {[%emt 0:00:00]} 46. Ke4 {[%emt 0:00:00]} b4 {[%emt 0:00:00]} 47. Ke3 {[%emt 0:00:00]} b3 {[%emt 0:00:00]} 48. Ke4 {[%emt 0:00:00]} b2 {[%emt 0:00:00]} 49. Ke5 {[%emt 0:00:00]} b1=Q {[%emt 0:00:00]} 50. Kf6 {[%emt 0:00:00]} Qb6+ {[%emt 0:00:00]} 51. Kg5 {[%emt 0:00:00]} Qbe6 {[%emt 0:00:00]} 52. Kf4 {[%emt 0:00:00]} Qf5+ {[%emt 0:00:00]} 53. Ke3 {[%emt 0:00:01]} Qe7+ {[%emt 0:00:01]} 54. Kd4 {[%emt 0:00:01]} Qd5+ {[%emt 0:00:00]} 55. Kxd5 {[%emt 0:00:01]} Qc7 {[%emt 0:00:00]} 56. Ke6 {[%emt 0:00:01]} a5 {[%emt 0:00:00]} 57. Kf5 {[%emt 0:00:00]} a4 {[%emt 0:00:00]} 58. Ke4 {[%emt 0:00:00]} a3 {[%emt 0:00:00]} 59. Kd3 {[%emt 0:00:00]} a2 {[%emt 0:00:00]} 60. Ke4 {[%emt 0:00:00]} a1=Q {[%emt 0:00:00]} 61. Kf5 {[%emt 0:00:00]} Qaa5+ {[%emt 0:00:00]} 62. Ke4 {[%emt 0:00:01]} Qcb6 {[%emt 0:00:00]} 63. Kd3 {[%emt 0:00:00]} Qbb4 {[%emt 0:00:00]} 64. Kc2 {[%emt 0:00:00]} Qa2+ {[%emt 0:00:00]} 65. Kc1 {[%emt 0:00:01]} Qbb1# {[%emt 0:00:01] (Lag: Av=0.28s, max=0.9s) (Lag: Av=0.28s, max=0.9s) (Lag: Av=0.28s, max=0.9s)} 0-1

[Event "398 Stay Safe Play From Home series"]
[Site "Emanuel Lasker Arena"]
[Date "2020.08.20"]
[Round "7"]
[White "MihailoVujic"]
[Black "Kasparov Garry"]
[Result "0-1"]
[WhiteElo "2237"]
[BlackElo "2481"]
[PlyCount "54"]
[EventDate "2020.08.20"]
[EventType "swiss (blitz)"]

1. e4 {[%emt 0:00:01]} e6 {[%emt 0:00:01]} 2. d4 {[%emt 0:00:01]} d5 {[%emt 0:00:01]} 3. Nc3 {[%emt 0:00:00]} Bb4 {[%emt 0:00:01]} 4. e5 {[%emt 0:00:01]} b6 {[%emt 0:00:01]} 5. a3 {[%emt 0:00:00]} Bxc3+ {[%emt 0:00:01]} 6. bxc3 {[%emt 0:00:00]} Ne7 {[%emt 0:00:01]} 7. Nf3 {[%emt 0:00:01]} h6 {[%emt 0:00:01]} 8. Bd3 {[%emt 0:00:01]} Ba6 {[%emt 0:00:01]} 9. O-O {[%emt 0:00:01]} c5 {[%emt 0:00:01]} 10. Bf4 {[%emt 0:00:02]} Qd7 {[%emt 0:00:01]} 11. a4 {[%emt 0:00:01]} Bxd3 {[%emt 0:00:01]} 12. cxd3 {[%emt 0:00:01]} O-O {[%emt 0:00:01]} 13. dxc5 {[%emt 0:00:01]} bxc5 {[%emt 0:00:01]} 14. d4 {[%emt 0:00:00]} Rc8 {[%emt 0:00:01]} 15. Qd2 {[%emt 0:00:00]} Nbc6 {[%emt 0:00:01]} 16. Bxh6 {[%emt 0:00:02]} Na5 {[%emt 0:00:01]} 17. Bg5 {[%emt 0:00:04]} Nb3 {[%emt 0:00:01]} 18. Qf4 {[%emt 0:00:01]} Nxa1 {[%emt 0:00:01]} 19. Rxa1 {[%emt 0:00:01]} cxd4 {[%emt 0:00:01]} 20. cxd4 {[%emt 0:00:02]} Rc2 {[%emt 0:00:01]} 21. Bxe7 {[%emt 0:00:06]} Qxe7 {[%emt 0:00:01]} 22. Re1 {[%emt 0:00:01]} Qc7 {[%emt 0:00:00]} 23. Ng5 {[%emt 0:00:01]} Rc8 {[%emt 0:00:01]} 24. Qh4 {[%emt 0:00:01]} Rc1 {[%emt 0:00:01]} 25. f4 {[%emt 0:00:07]} Qc3 {[%emt 0:00:01]} 26. Qh7+ {[%emt 0:00:03]} Kf8 {[%emt 0:00:01]} 27. Qh8+ {[%emt 0:00:01]} Ke7 {[%emt 0:00:01] MihailoVujic resigns MihailoVujic resigns MihailoVujic resigns (Lag: Av=0.50s, max=0.6s) (Lag: Av=0.50s, max=0.6s) (Lag: Av=0.50s, max=0.6s)} 0-1

[Event "398 Stay Safe Play From Home series"]
[Site "Emanuel Lasker Arena"]
[Date "2020.08.20"]
[Round "7"]
[White "Yuriko"]
[Black "AChessPlayer"]
[Result "0-1"]
[WhiteElo "1982"]
[BlackElo "2376"]
[PlyCount "128"]
[EventDate "2020.08.20"]
[EventType "swiss (blitz)"]

1. d4 {[%emt 0:00:01]} Nf6 {[%emt 0:00:01]} 2. c4 {[%emt 0:00:00]} g6 {[%emt 0:00:00]} 3. Nc3 {[%emt 0:00:00]} Bg7 {[%emt 0:00:00]} 4. d5 {[%emt 0:00:00]} d6 {[%emt 0:00:00]} 5. e4 {[%emt 0:00:00]} O-O {[%emt 0:00:00]} 6. Nf3 {[%emt 0:00:00]} c5 {[%emt 0:00:00]} 7. Be2 {[%emt 0:00:00]} Nbd7 {[%emt 0:00:00]} 8. O-O {[%emt 0:00:00]} Ne8 {[%emt 0:00:01]} 9. Re1 {[%emt 0:00:00]} Nc7 {[%emt 0:00:00]} 10. Rb1 {[%emt 0:00:00]} a6 {[%emt 0:00:00]} 11. a4 {[%emt 0:00:01]} Rb8 {[%emt 0:00:00]} 12. Qc2 {[%emt 0:00:00]} e6 {[%emt 0:00:01]} 13. Bd3 {[%emt 0:00:02]} exd5 {[%emt 0:00:01]} 14. exd5 {[%emt 0:00:01]} Nf6 {[%emt 0:00:01]} 15. b3 {[%emt 0:00:01]} Bg4 {[%emt 0:00:02]} 16. Nd2 {[%emt 0:00:03]} Re8 {[%emt 0:00:01]} 17. Nde4 {[%emt 0:00:01]} Nxe4 {[%emt 0:00:01]} 18. Nxe4 {[%emt 0:00:00]} Bf5 {[%emt 0:00:01]} 19. Bg5 {[%emt 0:00:02]} f6 {[%emt 0:00:05]} 20. Bf4 {[%emt 0:00:01]} Bxe4 {[%emt 0:00:01]} 21. Bxe4 {[%emt 0:00:01]} f5 {[%emt 0:00:00]} 22. Bf3 {[%emt 0:00:01]} Qd7 {[%emt 0:00:01]} 23. Qd2 {[%emt 0:00:03]} b5 {[%emt 0:00:01]} 24. axb5 {[%emt 0:00:01]} axb5 {[%emt 0:00:00]} 25. Rxe8+ {[%emt 0:00:01]} Rxe8 {[%emt 0:00:01]} 26. Re1 {[%emt 0:00:00]} b4 {[%emt 0:00:00]} 27. Rxe8+ {[%emt 0:00:04]} Nxe8 {[%emt 0:00:00]} 28. Qe3 {[%emt 0:00:02]} Kf7 {[%emt 0:00:01]} 29. h3 {[%emt 0:00:01]} Bd4 {[%emt 0:00:01]} 30. Qd2 {[%emt 0:00:02]} Nf6 {[%emt 0:00:01]} 31. Qe2 {[%emt 0:00:02]} Qe7 {[%emt 0:00:01]} 32. Qa2 {[%emt 0:00:03]} Ne4 {[%emt 0:00:01]} 33. Bxe4 {[%emt 0:00:05]} fxe4 {[%emt 0:00:00]} 34. Bg3 {[%emt 0:00:03]} Kg7 {[%emt 0:00:02]} 35. Qe2 {[%emt 0:00:01]} h5 {[%emt 0:00:01]} 36. h4 {[%emt 0:00:02]} Qe8 {[%emt 0:00:11]} 37. Kh2 {[%emt 0:00:02]} Kf7 {[%emt 0:00:01]} 38. Qd2 {[%emt 0:00:01]} Qe7 {[%emt 0:00:01]} 39. Qe2 {[%emt 0:00:02]} Ke8 {[%emt 0:00:01]} 40. f3 {[%emt 0:00:00]} e3 {[%emt 0:00:02]} 41. Bf4 {[%emt 0:00:01]} Kf7 {[%emt 0:00:01]} 42. Bg5 {[%emt 0:00:01]} Qd7 {[%emt 0:00:01]} 43. Bxe3 {[%emt 0:00:02]} Qe8 {[%emt 0:00:00]} 44. Qd3 {[%emt 0:00:01]} Qxe3 {[%emt 0:00:00]} 45. Qxe3 {[%emt 0:00:00]} Bxe3 {[%emt 0:00:00]} 46. g4 {[%emt 0:00:00]} Bd4 {[%emt 0:00:00]} 47. gxh5 {[%emt 0:00:00]} gxh5 {[%emt 0:00:00]} 48. Kg3 {[%emt 0:00:01]} Kf6 {[%emt 0:00:00]} 49. Kf4 {[%emt 0:00:00]} Be5+ {[%emt 0:00:00]} 50. Ke4 {[%emt 0:00:00]} Bc3 {[%emt 0:00:00]} 51. f4 {[%emt 0:00:00]} Be1 {[%emt 0:00:00]} 52. Kf3 {[%emt 0:00:00]} Bxh4 {[%emt 0:00:00]} 53. Ke4 {[%emt 0:00:00]} Be1 {[%emt 0:00:00]} 54. Kf3 {[%emt 0:00:00]} Bc3 {[%emt 0:00:00]} 55. Ke4 {[%emt 0:00:00]} Kg6 {[%emt 0:00:00]} 56. f5+ {[%emt 0:00:00]} Kf6 {[%emt 0:00:00]} 57. Kf4 {[%emt 0:00:00]} Bd2+ {[%emt 0:00:01]} 58. Ke4 {[%emt 0:00:00]} Bg5 {[%emt 0:00:00]} 59. Kd3 {[%emt 0:00:00]} Kxf5 {[%emt 0:00:00]} 60. Kc2 {[%emt 0:00:01]} Bf6 {[%emt 0:00:00]} 61. Kd3 {[%emt 0:00:00]} Be5 {[%emt 0:00:00]} 62. Ke2 {[%emt 0:00:00]} h4 {[%emt 0:00:00]} 63. Kf3 {[%emt 0:00:00]} h3 {[%emt 0:00:00]} 64. Kf2 {[%emt 0:00:01]} h2 {[%emt 0:00:00] Time Time Time (Lag: Av=0.57s, max=1.2s) (Lag: Av=0.57s, max=1.2s) (Lag: Av=0.57s, max=1.2s)} 0-1

[Event "398 Stay Safe Play From Home series"]
[Site "Emanuel Lasker Arena"]
[Date "2020.08.20"]
[Round "7"]
[White "Stefansmtk"]
[Black "Broken sword"]
[Result "0-1"]
[WhiteElo "1978"]
[BlackElo "2444"]
[PlyCount "76"]
[EventDate "2020.08.20"]
[EventType "swiss (blitz)"]

1. d4 {[%emt 0:00:00]} c5 {[%emt 0:00:01]} 2. d5 {[%emt 0:00:01]} e5 {[%emt 0:00:01]} 3. c4 {[%emt 0:00:01]} d6 {[%emt 0:00:00]} 4. Nc3 {[%emt 0:00:00]} f5 {[%emt 0:00:00]} 5. f4 {[%emt 0:00:01]} Nf6 {[%emt 0:00:00]} 6. fxe5 {[%emt 0:00:01]} dxe5 {[%emt 0:00:00]} 7. e4 {[%emt 0:00:02]} f4 {[%emt 0:00:01]} 8. Nf3 {[%emt 0:00:01]} Bd6 {[%emt 0:00:01]} 9. Nb5 {[%emt 0:00:02]} a6 {[%emt 0:00:01]} 10. Nxd6+ {[%emt 0:00:01]} Qxd6 {[%emt 0:00:00]} 11. Bd3 {[%emt 0:00:04]} Bg4 {[%emt 0:00:01]} 12. h3 {[%emt 0:00:01]} Bh5 {[%emt 0:00:00]} 13. O-O {[%emt 0:00:02]} Nbd7 {[%emt 0:00:01]} 14. a4 {[%emt 0:00:02]} O-O {[%emt 0:00:01]} 15. Qe1 {[%emt 0:00:06]} h6 {[%emt 0:00:01]} 16. g4 {[%emt 0:00:01]} Bf7 {[%emt 0:00:01]} 17. Bd2 {[%emt 0:00:04]} Rab8 {[%emt 0:00:01]} 18. Bc3 {[%emt 0:00:01]} Rfe8 {[%emt 0:00:01]} 19. Qe2 {[%emt 0:00:01]} g5 {[%emt 0:00:02]} 20. b4 {[%emt 0:00:05]} b6 {[%emt 0:00:02]} 21. b5 {[%emt 0:00:01]} a5 {[%emt 0:00:01]} 22. Kg2 {[%emt 0:00:00]} Kf8 {[%emt 0:00:01]} 23. Nh2 {[%emt 0:00:01]} Ke7 {[%emt 0:00:01]} 24. Rf3 {[%emt 0:00:01]} Rh8 {[%emt 0:00:01]} 25. Rf2 {[%emt 0:00:02]} Rbg8 {[%emt 0:00:01]} 26. Qd1 {[%emt 0:00:01]} h5 {[%emt 0:00:00]} 27. gxh5 {[%emt 0:00:01]} Bxh5 {[%emt 0:00:00]} 28. Ng4 {[%emt 0:00:05]} Bxg4 {[%emt 0:00:01]} 29. hxg4 {[%emt 0:00:01]} Rh4 {[%emt 0:00:00]} 30. Be2 {[%emt 0:00:02]} Rgh8 {[%emt 0:00:01]} 31. Bf3 {[%emt 0:00:02]} Rh3 {[%emt 0:00:02]} 32. Kf1 {[%emt 0:00:00]} Rg3 {[%emt 0:00:01]} 33. Rg2 {[%emt 0:00:02]} Rh1+ {[%emt 0:00:04]} 34. Kf2 {[%emt 0:00:00]} Rxd1 {[%emt 0:00:01]} 35. Rxd1 {[%emt 0:00:01]} Rxg2+ {[%emt 0:00:01]} 36. Kxg2 {[%emt 0:00:01]} Nf8 {[%emt 0:00:01]} 37. Rh1 {[%emt 0:00:01]} Ng6 {[%emt 0:00:00]} 38. Rh6 {[%emt 0:00:01]} Nh4+ {[%emt 0:00:00] Zeit Zeit Zeit (Lag: Av=0.29s, max=0.8s) (Lag: Av=0.29s, max=0.8s) (Lag: Av=0.29s, max=0.8s)} 0-1